International Economics

Gespeichert in:
Bibliographische Detailangaben
1. Verfasser: Carbaugh, Robert J.
Format: Buch
Sprache:Englisch
Veröffentlicht: Mason Thomson/South-Western 2005
Ausgabe:10th Edition
Schlagworte:
Tags: Tag hinzufügen
Keine Tags, Fügen Sie das erste Tag hinzu!

MARC

LEADER 00000nam$a2200000$$$4500
001 0282981
005 20240226124319.1
020 |a 0-324-20591-0 
041 0 |a eng 
044 |a US 
245 1 0 |a International Economics  |c Robert J. Carbaugh 
250 |a 10th Edition 
264 1 |a Mason  |b Thomson/South-Western  |c 2005 
300 |a xxiv, 530 s. 
610 2 0 |a politika hospodárska medzinárodná 
610 2 0 |a obchod medzinárodný 
610 2 0 |a vzťahy obchodné 
610 2 0 |a výhody komparatívne 
610 2 0 |a tarify 
610 2 0 |a bariéry obchodu zahraničného 
610 2 0 |a regulácia 
610 2 0 |a politika obchodná 
610 2 0 |a podnik multinacionálny 
610 2 0 |a vzťahy peňažné medzinárodné 
610 2 0 |a kurz devízový 
610 2 0 |a bilancia platobná 
610 2 0 |a kríza menová 
610 2 0 |a hospodárstvo otvorené 
610 2 0 |a bankovníctvo 
100 1 |a Carbaugh, Robert J.